La inclusión en la actividad física y deportiva : la práctica de la educación física y deportiva en entornos inclusivos /

Bibliographic Details
Corporate Author: Comité Paralímpico Español (Author)
Other Authors: Ríos Hernández, Mercedes (Editor), Ruiz Sánchez, Pedro (Editor), Gres, Neus Carol (Editor)
Format: Electronic eBook
Language:Spanish
Published: Badalona (España) : Editorial Paidotribo, [2014]
Edition:Primera edición.
Subjects:
Online Access:Digitalia Hispánica

MARC

LEADER 00000nam a2200000Ii 4500
001 DIGEDPBR0395
003 NyNyDIG
006 m o d
007 cr |||||||||||
008 251203s2014 sp ob 000 0 spa d
035 |a (OCoLC)1560009724 
040 |a DGITA  |b eng  |e rda  |e pn  |c DGITA 
020 |a 9788499109930  |q ePub 
020 |z 9788499104416 
050 1 4 |a GV709.3 ebook 
245 0 3 |a La inclusión en la actividad física y deportiva :  |b la práctica de la educación física y deportiva en entornos inclusivos /  |c autor, Comité Paralímpico Español ; coordinadores, Mercedes Ríos Hernández, Pedro Ruiz Sánchez, Neus Carol Gres. 
250 |a Primera edición. 
264 1 |a Badalona (España) :  |b Editorial Paidotribo,  |c [2014] 
300 |a 1 online resource. 
336 |a text  |b txt  |2 rdacontent 
337 |a computer  |b c  |2 rdamedia 
338 |a online resource  |b cr  |2 rdacarrier 
347 |a text file  |2 rdaft 
347 |b EPUB 
500 |a Subtitle taken from cover. 
504 |a Includes bibliographical references. 
588 0 |a Online resource; title from ePub title page (Digitalia, viewed December 3, 2025) 
650 0 |a Sports for people with disabilities. 
650 0 |a Physical education for people with disabilities. 
650 0 |a Inclusive education. 
700 1 |a Ríos Hernández, Mercedes,  |e editor. 
700 1 |a Ruiz Sánchez, Pedro,  |e editor. 
700 1 |a Gres, Neus Carol,  |e editor. 
710 2 |a Comité Paralímpico Español,  |e author. 
791 2 |a Digitalia (Firm),  |e distributor. 
793 0 |g Digitalia eBook Collection:  |a Editorial Paidotribo 
776 0 8 |i Print version:  |t Inclusión en la actividad física y deportiva.  |b Primera edición.  |d  Badalona (España) : Editorial Paidotribo, [2014]  |z 9788499104416 
856 4 0 |3 Digitalia Hispánica  |u https://www.digitaliapublishing.com/a/160044/ 
910 |a Premium collection: 2025